01892nam a2200469 c 4500001000700000003000900007005001700016007000300033008004000036015000600076017000900082020001500091035000600106040003100112080000600143082002700149100003200176240000600208245035500214250000600569260004300575300005200618336002600670337003400696338002900730500016200759500002400921500003000945504000600975534008200981650001801063650003401081650003501115650003001150650002801180700002401208700002301232700004201255700005501297700003501352700003501387 02751DO-SdBPM20250805093600.0ta151021s1999 cl a | |||| 000 0 spa  a  a b  a9586009726 a  aDO-SdBPMbspacBPMSUe rda a  4a658.8bP393c 19992 221 a Pelton, Lou E. eautor 4  l 10a Canales de marketing y distribución comercial :b el más práctico y efectivo sistema gerencial para el manejo integrado y relacional de los canales de marketing / c Lou E. Pelton, David Strutton, James R. Lumpkin ; traducción Gladys Arango Medina ; revisión técnica Enrique Luque Carulla ; fotografía general William Montoya Ladino. a  aMéxico D.F. : b McGraw Hill, c1999 aXXV, 542 páginas :b ilustraciones ; c26 cm aTexto bn2rdacontent asin mediaciónbnc2rdamedia avolumen bnc2rdacarrier a Incluye los aspectos legales y administrativos de franquicias, fusiones y alianzas estratégicas ; experiencias exitosas de América, Europa y Oceanía.  a Incluye índice. aBestseller internacional  a  pTítulo original : tMarketing channels. A relationship management approach. 7a Mercadeo.2  7aPlanificación del mercadeo. 7aCanales de comercialización. 7aCampañas publicitarias. 7aAnálisis de mercadeo.1 aStrutton, David.4 1 a Lumpkin, James R.1 a Arango Medina, Gladys, etraductor 1 aLuque Carulla, Enrique,d1930-2006, erevisión 1 aSolano Arévalo, Lily, 4ed. 1 aMontoya Ladino, William eil.